[Event "Czech Fed-ch opA"]
[Site "Hrdonov"]
[Date "2013.10.30"]
[Round "6"]
[White "Kocandova, Martina"]
[Black "Vojir, Vaclav Jr"]
[Result "1/2-1/2"]
[WhiteElo "1766"]
[BlackElo "1755"]
[PlyCount "83"]
[EventDate "2013.10.26"]
[EventType "swiss"]
[EventRounds "9"]
[EventCountry "CZE"]
[SourceTitle "EXT 2016"]
[Source "ChessBase"]
[SourceDate "2015.10.08"]
[SourceVersion "1"]
[SourceVersionDate "2015.10.08"]
[SourceQuality "1"]

1. e4 c6 2. d4 d5 3. Nc3 dxe4 4. Nxe4 Bf5 5. Ng3 Bg6 6. Nf3 Nf6 7. Bd3 Nbd7 8. h4 Bxd3 9. Qxd3 Qc7 10. Bg5 0-0-0 11. 0-0-0 h6 12. Bd2 e5 13. Qf5 g6 14. Qd3 Bd6 15. h5 Ng4 16. Ne4 f5 17. Nxd6+ Qxd6 18. Qf1 exd4 19. hxg6 Qxg6 20. Nxd4 Nc5 21. Bf4 Ne6 22. Nxe6 Rxd1+ 23. Qxd1 Qxe6 24. Qd6 Qxd6 25. Bxd6 Kd7 26. Bf4 Nxf2 27. Rxh6 Rxh6 28. Bxh6 Ne4 29. Be3 a6 30. Kd1 Ke6 31. Ke2 Ke5 32. Kf3 c5 33. c4 b5 34. b3 bxc4 35. bxc4 Nc3 36. a3 Na4 37. g3 Nb2 38. Bxc5 Nxc4 39. Bb4 a5 40. Bf8 a4 41. Bb4 Nb6 42. Bf8 1/2-1/2

[Event "Czech Fed-ch opA"]
[Site "Hrdonov"]
[Date "2013.10.29"]
[Round "5"]
[White "Starychfojtu, Josef"]
[Black "Vojir, Vaclav Jr"]
[Result "1-0"]
[WhiteElo "1632"]
[BlackElo "1755"]
[PlyCount "33"]
[EventDate "2013.10.26"]
[EventType "swiss"]
[EventRounds "9"]
[EventCountry "CZE"]
[SourceTitle "EXT 2016"]
[Source "ChessBase"]
[SourceDate "2015.10.08"]
[SourceVersion "1"]
[SourceVersionDate "2015.10.08"]
[SourceQuality "1"]

1. e4 c6 2. d4 d5 3. exd5 cxd5 4. c4 Nf6 5. Nc3 Nc6 6. Nf3 e6 7. Bd3 g6 8. Bg5 dxc4 9. Bxc4 h6 10. Bxf6 Qxf6 11. 0-0 Bg7 12. d5 Nd4 13. Nxd4 Qxd4 14. Bb5+ Bd7 15. Bxd7+ Kxd7 16. dxe6+ fxe6 17. Qf3 1-0

[Event "Plzen op 2nd"]
[Site "Plzen"]
[Date "2010.12.10"]
[Round "8"]
[White "Palek, Miroslav"]
[Black "Vojir, Vaclav Jr"]
[Result "1-0"]
[WhiteElo "2261"]
[BlackElo "1786"]
[PlyCount "91"]
[EventDate "2010.12.04"]
[EventType "swiss"]
[EventRounds "9"]
[EventCountry "CZE"]
[SourceTitle "CBM 139 Extra"]
[Source "ChessBase"]
[SourceDate "2011.01.05"]
[SourceVersion "1"]
[SourceVersionDate "2011.01.05"]
[SourceQuality "1"]

1. e4 c6 2. Nc3 d5 3. Nf3 dxe4 4. Nxe4 Bf5 5. Ng3 Bg6 6. h4 h6 7. Ne5 Bh7 8. Qh5 g6 9. Qf3 Nf6 10. Qb3 Qd5 11. Qxb7 Qxe5+ 12. Be2 Kd8 13. Qxa8 Qc7 14. a4 Bg7 15. a5 Kd7 16. a6 Nxa6 17. Qxh8 Bxh8 18. Rxa6 Nd5 19. c3 f5 20. d3 h5 21. Bf3 Be5 22. Ne2 Qb7 23. Ra4 Bg8 24. 0-0 Nb6 25. Ra5 Bd5 26. Bxd5 cxd5 27. Be3 Bb8 28. Rfa1 Nc8 29. b4 e5 30. f3 Nb6 31. Bc5 Qc6 32. Rxa7+ Bxa7 33. Rxa7+ Kc8 34. Ra6 Qb5 35. Rxb6 Qxd3 36. Kf2 e4 37. Be3 exf3 38. gxf3 Qd1 39. Bf4 Qh1 40. Bg3 Qd1 41. b5 d4 42. cxd4 Qd2 43. Rb8+ Kd7 44. b6 Kc6 45. Bf4 Qa2 46. b7 1-0

[Event "Kouty nad Desnou op-A"]
[Site "Kouty nad Desnou"]
[Date "2010.03.11"]
[Round "7"]
[White "Vojir, Vaclav Jr"]
[Black "Hosek, Martin"]
[Result "1/2-1/2"]
[WhiteElo "1773"]
[BlackElo "1935"]
[PlyCount "103"]
[EventDate "2010.03.06"]
[EventType "swiss"]
[EventRounds "9"]
[EventCountry "CZE"]
[SourceTitle "CBM 135 Extra"]
[Source "ChessBase"]
[SourceDate "2010.05.04"]
[SourceVersion "1"]
[SourceVersionDate "2010.05.04"]
[SourceQuality "1"]

1. d4 Nf6 2. c4 c5 3. Nf3 e6 4. Nc3 d5 5. e3 Nc6 6. cxd5 exd5 7. Bb5 Bg4 8. h3 Bf5 9. Ne5 Qc7 10. Qa4 Bd7 11. Nxd7 Qxd7 12. 0-0 Bd6 13. dxc5 Bxc5 14. b4 Bb6 15. Rd1 0-0 16. Nxd5 Nxd5 17. e4 Bxf2+ 18. Kxf2 Qe7 19. exd5 Qf6+ 20. Kg1 Qxa1 21. dxc6 bxc6 22. Bxc6 Rad8 23. Qc2 Rxd1+ 24. Qxd1 Qxa2 25. b5 Qb1 26. Kh2 h6 27. Qd2 Rb8 28. Qc3 Qf5 29. Qe3 Rd8 30. Bb2 Qb1 31. Qe5 f6 32. Qc7 Qd3 33. Qg3 Qxg3+ 34. Kxg3 Kf7 35. Kf4 Ke6 36. Ke3 Rc8 37. Kd4 g5 38. Ba3 f5 39. Bc5 Rc7 40. Bd5+ Kf6 41. Kc4 h5 42. Kb4 Ke5 43. Bf3 g4 44. hxg4 fxg4 45. Bc6 h4 46. Ka5 h3 47. gxh3 gxh3 48. Bg1 Rh7 49. Bh2+ Kd4 50. Kb4 Re7 51. Bg1+ Ke5 52. Bh2+ 1/2-1/2

[Event "Harrachov op-A"]
[Site "Harrachov"]
[Date "2009.10.26"]
[Round "3"]
[White "Vojir, Vaclav Jr"]
[Black "Navratil, Jiri2222"]
[Result "0-1"]
[WhiteElo "1792"]
[BlackElo "1891"]
[PlyCount "64"]
[EventDate "2009.10.24"]
[EventType "swiss"]
[EventRounds "9"]
[EventCountry "CZE"]
[SourceTitle "EXT 2012"]
[Source "ChessBase"]
[SourceDate "2011.11.24"]
[SourceVersion "1"]
[SourceVersionDate "2011.11.24"]
[SourceQuality "1"]

1. d4 d5 2. Bf4 Nf6 3. h3 Bf5 4. Nf3 Nc6 5. g4 Bg6 6. Ne5 Nxe5 7. Bxe5 e6 8. Bg2 Bd6 9. c4 c6 10. Bxd6 Qxd6 11. c5 Qc7 12. Nc3 Rd8 13. 0-0 h5 14. gxh5 Rxh5 15. f4 Bf5 16. Rf3 g5 17. fxg5 Rxg5 18. Qd2 Rg6 19. Qe3 Ne4 20. Raf1 f6 21. Rxf5 exf5 22. Rxf5 Qe7 23. Rh5 Nxc3 24. Rh8+ Kd7 25. Rxd8+ Kxd8 26. Qxe7+ Kxe7 27. bxc3 Rg3 28. Kf2 Rxc3 29. h4 Ra3 30. h5 Rxa2 31. h6 Kf7 32. Bh3 Kg6 0-1

[Event "CZE-ch Juniors op-A"]
[Site "Kouty nad Desnou"]
[Date "2009.03.14"]
[Round "9"]
[White "Vojir, Vaclav Jr"]
[Black "Vranova, Jarmila"]
[Result "1-0"]
[WhiteElo "1813"]
[BlackElo "1807"]
[PlyCount "115"]
[EventDate "2009.03.07"]
[EventType "swiss"]
[EventRounds "9"]
[EventCountry "CZE"]
[SourceTitle "EXT 2011"]
[Source "ChessBase"]
[SourceDate "2010.11.26"]
[SourceVersion "1"]
[SourceVersionDate "2010.11.26"]
[SourceQuality "1"]

1. d4 f5 2. Nf3 g6 3. g3 Nf6 4. Bg2 Bg7 5. 0-0 d6 6. c4 0-0 7. Nc3 Na6 8. a3 c5 9. e3 Bd7 10. Re1 Rb8 11. Nb5 Qb6 12. Qe2 Ne4 13. Rd1 Nc7 14. a4 Qa5 15. Bd2 Nxd2 16. Qxd2 Qxd2 17. Rxd2 Bxb5 18. axb5 cxd4 19. Nxd4 a6 20. b6 Na8 21. Ne6 Rfc8 22. c5 dxc5 23. Nxg7 Kxg7 24. Rd7 Nxb6 25. Rxe7+ Kh6 26. Bxb7 Rd8 27. Rxa6 Nd7 28. Ra7 Nf6 29. Rf7 Rd6 30. Ra8 Rxa8 31. Bxa8 Rd1+ 32. Kg2 Rd6 33. Rc7 Ng4 34. h3 Nf6 35. Rxc5 Rb6 36. Rc6 Rb8 37. Rxf6 Rxa8 38. Rb6 Ra2 39. Kf3 Kg5 40. h4+ Kh6 41. Kf4 Ra5 42. b4 Ra2 43. f3 Ra3 44. b5 Rb3 45. e4 Rb4 46. Ke5 fxe4 47. fxe4 Kh5 48. Kd5 Rb3 49. e5 Rd3+ 50. Kc6 Rxg3 51. e6 Re3 52. Kd7 Rd3+ 53. Rd6 Rf3 54. e7 Rf7 55. Kd8 Rxe7 56. Kxe7 Kxh4 57. b6 g5 58. Rh6+ 1-0

[Event "CZE-ch Juniors op-A"]
[Site "Sec u Chrudimi"]
[Date "2008.03.12"]
[Round "6"]
[White "Vojir, Vaclav Jr"]
[Black "Halla, Jiri"]
[Result "1/2-1/2"]
[WhiteElo "1834"]
[BlackElo "1841"]
[PlyCount "24"]
[EventDate "2008.03.08"]
[EventType "swiss"]
[EventRounds "9"]
[EventCountry "CZE"]
[SourceTitle "EXT 2009"]
[Source "ChessBase"]
[SourceDate "2008.11.26"]
[SourceVersion "1"]
[SourceVersionDate "2008.11.26"]
[SourceQuality "1"]

1. e4 e6 2. d4 d5 3. exd5 exd5 4. Nf3 Bd6 5. Bd3 Nc6 6. 0-0 Bg4 7. c3 Nge7 8. Be3 Qd7 9. Nbd2 0-0 10. Qc2 Bf5 11. Bxf5 Qxf5 12. Qxf5 Nxf5 1/2-1/2

[Event "Sec op-B"]
[Site "Sec u Chrudimi"]
[Date "2007.10.25"]
[Round "7"]
[White "Lasik, Petr"]
[Black "Vojir, Vaclav Jr"]
[Result "0-1"]
[WhiteElo "1697"]
[BlackElo "1781"]
[PlyCount "50"]
[EventDate "2007.10.20"]
[EventType "swiss"]
[EventRounds "9"]
[EventCountry "CZE"]
[SourceTitle "EXT 2022"]
[Source "ChessBase"]
[SourceDate "2021.10.06"]
[SourceVersion "1"]
[SourceVersionDate "2021.10.06"]
[SourceQuality "1"]

1. e4 c6 2. d4 d5 3. Nc3 dxe4 4. Nxe4 Bf5 5. Ng3 Bg6 6. Nf3 Nd7 7. Bf4 Ngf6 8. c3 e6 9. Bd3 Bxd3 10. Qxd3 Be7 11. 0-0 h6 12. Rfe1 0-0 13. a3 Nd5 14. Bd2 Bd6 15. c4 N5f6 16. Ne4 Nxe4 17. Qxe4 Nf6 18. Qc2 Qc7 19. c5 Bf4 20. Bxf4 Qxf4 21. Re4 Nxe4 22. Ne5 Rfd8 23. g3 Nxg3 24. hxg3 Qxd4 25. Nf3 Qd3 0-1

[Event "CZE-ch Juniors op-A"]
[Site "Zlate Hory"]
[Date "2006.03.17"]
[Round "8"]
[White "Nguyen, Dinh Phong"]
[Black "Vojir, Vaclav Jr"]
[Result "1-0"]
[WhiteElo "1641"]
[BlackElo "1834"]
[PlyCount "37"]
[EventDate "2006.03.11"]
[EventType "swiss"]
[EventRounds "9"]
[EventCountry "CZE"]
[SourceTitle "EXT 2008"]
[Source "ChessBase"]
[SourceDate "2007.11.25"]
[SourceVersion "1"]
[SourceVersionDate "2007.11.25"]
[SourceQuality "1"]

1. e4 c6 2. d4 d5 3. e5 Bf5 4. Nc3 e6 5. g4 Bg6 6. Nge2 c5 7. Be3 Nc6 8. dxc5 Nxe5 9. Nd4 Nc4 10. Bxc4 dxc4 11. f4 Ne7 12. Qf3 Qc8 13. 0-0-0 h6 14. Rhe1 Nc6 15. f5 Nxd4 16. Bxd4 Bh7 17. fxe6 fxe6 18. Nb5 Bg8 19. Bxg7 1-0

[Event "CZE-ch Juniors op-A"]
[Site "Zlate Hory"]
[Date "2006.03.15"]
[Round "6"]
[White "Hlavacek, Pavel"]
[Black "Vojir, Vaclav Jr"]
[Result "1/2-1/2"]
[WhiteElo "1709"]
[BlackElo "1834"]
[PlyCount "73"]
[EventDate "2006.03.11"]
[EventType "swiss"]
[EventRounds "9"]
[EventCountry "CZE"]
[SourceTitle "EXT 2008"]
[Source "ChessBase"]
[SourceDate "2007.11.25"]
[SourceVersion "1"]
[SourceVersionDate "2007.11.25"]
[SourceQuality "1"]

1. e4 c6 2. d4 d5 3. e5 Bf5 4. h4 h6 5. c4 e6 6. Nc3 Nd7 7. Be3 dxc4 8. Bxc4 Nb6 9. Bb3 Be7 10. h5 Nd5 11. Nxd5 exd5 12. Ne2 Qa5+ 13. Bd2 Qb6 14. Bc3 0-0-0 15. Qd2 Re8 16. Ba5 Qa6 17. Rc1 Kb8 18. f4 Bd8 19. Bb4 Ne7 20. Ng3 Be6 21. Kf2 f6 22. Bd1 fxe5 23. Be2 b5 24. fxe5 Rhf8+ 25. Ke1 Rf7 26. Qc3 Bd7 27. b3 Nf5 28. Nxf5 Rxf5 29. Bd3 Rf4 30. Rc2 Bb6 31. Bc5 Bxc5 32. Qxc5 Qb6 33. Qd6+ Kc8 34. Rf1 Rxf1+ 35. Kxf1 Qxd4 36. Rxc6+ Bxc6 37. Qxc6+ 1/2-1/2